| 000 | 00473nam a22001937a 4500 | ||
|---|---|---|---|
| 003 | MPLRDC | ||
| 005 | 20220104142611.0 | ||
| 008 | 210129b ||||| |||| 00| 0 eng d | ||
| 020 | _a978-7-209-02488-4 | ||
| 082 | _a539.6 ZB | ||
| 100 | _a张勃 等编选 | ||
| 245 |
_a俗语谚语精选9999 _c |
||
| 250 | _a三版六刷 | ||
| 260 |
_a中国 _b山东人民出版社 _c2012 |
||
| 300 | _b338 | ||
| 490 | _a四九宝库 | ||
| 650 | _a俗语 | ||
| 942 |
_cBK _o539.6 ZB |
||
| 999 |
_c32197 _d32187 |
||